MARC

LEADER 00000nam0a2200000 4500
001 168807
005 20231031163228.0
010 |a 5256004751 
020 |a RU  |b 91-31952 
035 |a (RuTPU)RU\TPU\book\183125 
090 |a 168807 
100 |a 20091102d1991 km y0rusy5003 ca 
101 0 |a rus 
102 |a RU 
105 |a a z 001zy 
200 1 |a Основы проектирования управляющих вычислительных систем  |f Я. А. Хетагуров 
210 |a Москва  |c Радио и связь  |d 1991 
215 |a 288 с.  |c ил. 
320 |a Библиогр.: с. 283. 
320 |a Предм. указ.: с. 284-285. 
610 1 |a вычислительные системы управления 
610 1 |a проектирование 
610 1 |a языки программирования 
610 1 |a схемы 
610 1 |a питание 
610 1 |a отладка 
610 1 |a конструкция 
610 1 |a системы 
675 |a 681.324.001.63  |v 3 
700 1 |a Хетагуров  |b Я. А.  |g Ярослав Афанасьевич  |4 070 
801 0 |a RU  |b RuMRKP  |c 19950417  |g psbo 
801 1 |a RU  |b 63413507  |c 20091102 
801 2 |a RU  |b 63413507  |c 20160908  |g RCR 
942 |c BK